Statistiques concernant Suédois célèbres - Quiz d'images

Cliquez ici pour prendre le quiz!

Statistiques générales

  • Ce quiz a été pris 103 fois
    (53 depuis la dernière actualisation)
  • Le résultat moyen est 6 sur 18

Statistiques - réponses

Réponse% Correct
Zlatan Ibrahimovic
85%
Alfred Nobel
83%
Björn Borg
66%
Ingrid Bergman
64%
Ingmar Bergman
60%
Greta Garbo
45%
Dolph Lundgren
34%
Olof Palme
28%
PewDiePie
28%
Max von Sydow
26%
Alicia Vikander
21%
Astrid Lindgren
19%
August Strindberg
17%
Victoria
15%
Selma Lagerlöf
13%
Peter Stormare
11%
Ingvar Kamprad
9%
Britt Ekland
4%

Distribution des résultats

Percentile par nombre de réponses

% des personnes avec chaque résultat

Votre développement - résultats

Vous n’avez pas pris ce quiz depuis la dernière actualisation